000 00343nam a22001097a 4500
008 230626b xxu||||| |||| 00| 0 eng d
082 _a333.09
_bLDB
245 _aAfrican Land Development in Kenya
_bReport of the Land development Board for the financial year 1st july 1958 to 30th June 1959
260 _aKenya
300 _a91p
942 _2ddc
_cBK
999 _c2672
_d2672